| 000 | 00624nam a22001817a 4500 | ||
|---|---|---|---|
| 003 | OSt | ||
| 005 | 20260421015722.0 | ||
| 008 | 251020b |||||||| |||| 00| 0 eng d | ||
| 020 | _a13: 978-0-7637-4040-5. | ||
| 040 |
_aDWCL-Main lib _cOC |
||
| 082 | _aCirc. 610.73 In61 2007 | ||
| 245 |
_aIntroduction to nursing research : _bincorporating evidence-based practice |
||
| 260 |
_aSudbury, Ma. : _bJones & Bartlett Pub., _cc2007. |
||
| 300 |
_axvi, 367 pages : _billustration ; _c22 cm. |
||
| 504 | _aIncludes bibliographical references & index. | ||
| 650 | _21. Nursing-Research-Methodology. | ||
| 942 |
_2ddc _cBK-CIRC _kCirc. _n0 |
||
| 999 |
_c4917 _d4917 |
||